| 000 | 00637nam a2200205 i 4500 | ||
|---|---|---|---|
| 001 | 6362 | ||
| 003 | ES-MaACL | ||
| 005 | 20230906144910.0 | ||
| 007 | t| | ||
| 008 | 890926s1983 sp a |||| | spa d | ||
| 020 | _a84-300-9980-8 | ||
| 080 | _a131 | ||
| 100 | 1 |
_aRodríguez, Cándido. _998219 |
|
| 245 | 1 | 3 |
_aEl sol _b: metodología para la observación por el aficionado / _cCándido Rodríguez. |
| 250 | _a1ª ed. | ||
| 260 |
_a[S.l.] : _bAgrupacion Astronomica Albireo, _c1983 ( _eÉcija : _fGrafisol) |
||
| 300 |
_a248 p. : _bil. ; _c30 cm. |
||
| 651 | 4 |
_aSol- _xObservaciones. _9162620 |
|
| 852 |
_aES-MaACL _jL-13502 _z- enc. rust. |
||
| 999 |
_c6362 _d6362 |
||